[Event "GER-chT U14 Girls"]
[Site "Magdeburg"]
[Date "2012.12.27"]
[Round "1.4"]
[White "Wang, Yanru"]
[Black "Belusa, Laura Sophie"]
[Result "1-0"]
[WhiteElo "1413"]
[BlackElo "1023"]
[PlyCount "89"]
[EventDate "2012.12.27"]
[EventType "team-swiss"]
[EventRounds "7"]
[EventCountry "GER"]
[SourceTitle "EXT 2014"]
[Source "ChessBase"]
[SourceDate "2013.11.20"]
[SourceVersion "1"]
[SourceVersionDate "2013.11.20"]
[SourceQuality "1"]
[WhiteTeam "Oesede Georgsmarienhuette"]
[BlackTeam "Chemnitz USG"]
[WhiteTeamCountry "GER"]
[BlackTeamCountry "GER"]

1. f4 f5 2. b3 e6 3. Nf3 Nc6 4. Bb2 d5 5. e3 a6 6. Be2 Nf6 7. 0-0 Rg8 8. a3 b6 9. Qe1 h6 10. Qg3 g6 11. Nc3 Bb7 12. b4 b5 13. h3 Qd7 14. d3 0-0-0 15. Qe1 g5 16. Nxb5 Be7 17. Nbd4 g4 18. hxg4 fxg4 19. Nxc6 Qxc6 20. Nd4 Qe8 21. g3 Qh5 22. Qf2 Qh3 23. Qh2 Rd6 24. Qxh3 gxh3 25. Kh2 h5 26. Kxh3 Ng4 27. Bxg4 hxg4+ 28. Kg2 Kb8 29. Rh1 Bf6 30. Rh6 e5 31. Nf5 Rc6 32. Rc1 Bg7 33. Rxc6 Bxc6 34. Ne7 Re8 35. Nxc6+ Kb7 36. Nxe5 Bxe5 37. Bxe5 c6 38. Rh1 Kb6 39. a4 Rg8 40. Rh8 Rxh8 41. Bxh8 a5 42. bxa5+ Kxa5 43. f5 Kxa4 44. f6 Kb4 45. f7 1-0

[Event "GER-chT North U14 Girls"]
[Site "Guestrow"]
[Date "2012.09.09"]
[Round "5.4"]
[White "Wang, Yanru"]
[Black "Voigt, Lina"]
[Result "1-0"]
[WhiteElo "1379"]
[BlackElo "859"]
[PlyCount "77"]
[EventDate "2012.09.07"]
[EventType "team-swiss"]
[EventRounds "5"]
[EventCountry "GER"]
[SourceTitle "EXT 2015"]
[Source "ChessBase"]
[SourceDate "2014.11.20"]
[SourceVersion "1"]
[SourceVersionDate "2014.11.20"]
[SourceQuality "1"]
[WhiteTeam "Oesede Georgsmarienhuette"]
[BlackTeam "Luebeck"]
[WhiteTeamCountry "GER"]
[BlackTeamCountry "GER"]

1. f4 e6 2. Nf3 Nc6 3. b3 Nf6 4. Bb2 Bc5 5. e3 b6 6. Be2 Bb7 7. 0-0 Qe7 8. a3 Bd6 9. Qe1 0-0-0 10. b4 Nh5 11. d3 Rhg8 12. Nbd2 e5 13. fxe5 Bxe5 14. Nxe5 Nxe5 15. Bxh5 g6 16. Be2 Rdf8 17. Nf3 Ng4 18. Qd2 Qd6 19. e4 f5 20. e5 Qe6 21. h3 Nh6 22. Qxh6 Rh8 23. Qf4 h6 24. Nd4 Qe7 25. Bf3 g5 26. Nxf5 Qd8 27. Bxb7+ Kxb7 28. Qe4+ c6 29. Nd6+ Kc7 30. b5 Qa8 31. e6 Rd8 32. e7 Rdg8 33. Bxh8 Rxh8 34. e8Q Rxe8 35. Qxe8 Qxe8 36. Nxe8+ Kb7 37. a4 Kc8 38. Rae1 Kb7 39. Re7 1-0

[Event "GER-chT North U14 Girls"]
[Site "Guestrow"]
[Date "2012.09.08"]
[Round "3.4"]
[White "Alcer, Johanna"]
[Black "Wang, Yanru"]
[Result "0-1"]
[WhiteElo "854"]
[BlackElo "1379"]
[PlyCount "72"]
[EventDate "2012.09.07"]
[EventType "team-swiss"]
[EventRounds "5"]
[EventCountry "GER"]
[SourceTitle "EXT 2015"]
[Source "ChessBase"]
[SourceDate "2014.11.20"]
[SourceVersion "1"]
[SourceVersionDate "2014.11.20"]
[SourceQuality "1"]
[WhiteTeam "Berlin Empor"]
[BlackTeam "Oesede Georgsmarienhuette"]
[WhiteTeamCountry "GER"]
[BlackTeamCountry "GER"]

1. e4 c6 2. d4 d5 3. exd5 cxd5 4. Bd3 Nc6 5. c3 Nf6 6. Nf3 Bg4 7. h3 Bh5 8. 0-0 e6 9. Bf4 Bd6 10. Bxd6 Qxd6 11. Nbd2 0-0 12. Re1 Rab8 13. Be2 Rfc8 14. Ne5 Bxe2 15. Qxe2 b5 16. b3 b4 17. c4 Nxd4 18. Qd3 Nc6 19. Ndf3 h6 20. Rac1 Nxe5 21. Nxe5 Rc7 22. cxd5 Nxd5 23. Rxc7 Qxc7 24. Qa6 Rb6 25. Qc4 Qxc4 26. bxc4 Nc3 27. Ra1 a5 28. Nd3 Kf8 29. Kf1 Ke7 30. Ke1 e5 31. Nxe5 Re6 32. f4 f6 33. Kd2 fxe5 34. Re1 exf4 35. Rxe6+ Kxe6 36. a3 Kd6 0-1

[Event "GER-chT North U14 Girls"]
[Site "Guestrow"]
[Date "2012.09.07"]
[Round "1.4"]
[White "Joers, Pia Milena"]
[Black "Wang, Yanru"]
[Result "0-1"]
[WhiteElo "900"]
[BlackElo "1379"]
[PlyCount "114"]
[EventDate "2012.09.07"]
[EventType "team-swiss"]
[EventRounds "5"]
[EventCountry "GER"]
[SourceTitle "EXT 2015"]
[Source "ChessBase"]
[SourceDate "2014.11.20"]
[SourceVersion "1"]
[SourceVersionDate "2014.11.20"]
[SourceQuality "1"]
[WhiteTeam "Guestrow/Teterow"]
[BlackTeam "Oesede Georgsmarienhuette"]
[WhiteTeamCountry "GER"]
[BlackTeamCountry "GER"]

1. e4 c6 2. d4 d5 3. exd5 cxd5 4. Nf3 Nc6 5. Bb5 Bd7 6. Nc3 e6 7. 0-0 Bd6 8. Re1 Nge7 9. Bg5 0-0 10. Bh4 Qc7 11. Qd2 Nf5 12. Bg5 h6 13. Be3 Rac8 14. a3 a6 15. Ba4 b5 16. Bb3 Na5 17. Qd1 Nc4 18. Bc1 Nxa3 19. bxa3 Qxc3 20. Ra2 a5 21. a4 bxa4 22. Bxa4 Bxa4 23. Rxa4 Bb4 24. Bd2 Qxc2 25. Qxc2 Rxc2 26. Bxb4 axb4 27. Rxb4 Rfc8 28. Rbb1 R2c4 29. Red1 f6 30. g4 Nd6 31. Rb6 R4c6 32. Rxc6 Rxc6 33. Re1 Kf7 34. Kg2 Nb5 35. Rb1 Nd6 36. Kg3 Rc3 37. Rb6 Ne4+ 38. Kg2 Rc2 39. Rb7+ Kg8 40. Re7 Rxf2+ 41. Kg1 Rxf3 42. Rxe6 Rd3 43. Re8+ Kf7 44. Ra8 Rxd4 45. Ra7+ Kg6 46. Kg2 Rd3 47. Rd7 Nc3 48. Kf2 d4 49. Ra7 Re3 50. Ra3 Re5 51. Ra1 Rd5 52. Rc1 d3 53. Ke1 d2+ 54. Kf2 dxc1Q 55. Kf3 Rd3+ 56. Kg2 Qc2+ 57. Kf1 Rd1# 0-1

[Event "Niedersachsen-ch U14"]
[Site "Rotenburg"]
[Date "2012.04.04"]
[Round "6"]
[White "Wang, Yanru"]
[Black "Hinzke, Anna Lena"]
[Result "1/2-1/2"]
[WhiteElo "1251"]
[BlackElo "1447"]
[PlyCount "45"]
[EventDate "2012.03.31"]
[EventType "swiss"]
[EventRounds "9"]
[EventCountry "GER"]
[SourceTitle "EXT 2015"]
[Source "ChessBase"]
[SourceDate "2014.11.20"]
[SourceVersion "1"]
[SourceVersionDate "2014.11.20"]
[SourceQuality "1"]

1. e4 e6 2. d4 d5 3. exd5 exd5 4. Bd3 Be6 5. Nf3 Nf6 6. Nc3 Bd6 7. 0-0 0-0 8. Bg5 Nbd7 9. Re1 c6 10. Qd2 Re8 11. Bxf6 Qxf6 12. h3 Bf5 13. Bxf5 Qxf5 14. Rxe8+ Rxe8 15. Re1 Rxe1+ 16. Nxe1 Bb4 17. Nf3 Bxc3 18. Qxc3 Qf4 19. Qe3 Qxe3 20. fxe3 Nf6 21. Nd2 Ne4 22. Nxe4 dxe4 23. Kf2 1/2-1/2

[Event "Niedersachsen-ch U14"]
[Site "Rotenburg"]
[Date "2012.04.02"]
[Round "4"]
[White "Wang, Yanru"]
[Black "Henning, Yannick"]
[Result "0-1"]
[WhiteElo "1251"]
[BlackElo "1558"]
[PlyCount "104"]
[EventDate "2012.03.31"]
[EventType "swiss"]
[EventRounds "9"]
[EventCountry "GER"]
[SourceTitle "EXT 2015"]
[Source "ChessBase"]
[SourceDate "2014.11.20"]
[SourceVersion "1"]
[SourceVersionDate "2014.11.20"]
[SourceQuality "1"]

1. f4 g6 2. Nf3 d5 3. e3 Bg7 4. Be2 Nf6 5. 0-0 0-0 6. Nc3 c5 7. b3 Ne4 8. Bb2 Nxc3 9. Bxc3 d4 10. exd4 cxd4 11. Bb4 d3 12. Bxd3 Bxa1 13. Qxa1 Qb6+ 14. Qd4 Nc6 15. Qxb6 axb6 16. Bc3 Bg4 17. a4 Bxf3 18. Rxf3 e6 19. Re3 Ne7 20. Bb4 Nd5 21. Bxf8 Nxe3 22. dxe3 Kxf8 23. Kf2 Ke7 24. e4 Kd6 25. Ke3 Kc5 26. e5 Kb4 27. Kd2 Rd8 28. g3 h6 29. h3 g5 30. fxg5 hxg5 31. Ke3 Rh8 32. Kf3 Kc3 33. Kg4 Kd4 34. Kxg5 Kxe5 35. Kg4 f5+ 36. Kf3 Rxh3 37. Bf1 Rh2 38. Bd3 Kd4 39. g4 Rh3+ 40. Kg2 fxg4 41. Bc4 e5 42. Be6 Rc3 43. Bxg4 Rxc2+ 44. Kf1 Rb2 45. Be6 e4 46. Ke1 Ke3 47. Kd1 Kf2 48. Kc1 Ra2 49. Kb1 Rd2 50. Kc1 e3 51. Bc4 Rd4 52. Kc2 Rxc4+ 0-1

[Event "Niedersachsen-ch U14"]
[Site "Rotenburg"]
[Date "2012.04.01"]
[Round "2"]
[White "Geistlich, Kilian"]
[Black "Wang, Yanru"]
[Result "0-1"]
[WhiteElo "1089"]
[BlackElo "1251"]
[PlyCount "52"]
[EventDate "2012.03.31"]
[EventType "swiss"]
[EventRounds "9"]
[EventCountry "GER"]
[SourceTitle "EXT 2015"]
[Source "ChessBase"]
[SourceDate "2014.11.20"]
[SourceVersion "1"]
[SourceVersionDate "2014.11.20"]
[SourceQuality "1"]

1. e4 e5 2. Nf3 Nc6 3. Nc3 Nf6 4. d4 exd4 5. Nxd4 Bb4 6. Nxc6 bxc6 7. Bd2 Qe7 8. f3 d5 9. Qe2 0-0 10. exd5 cxd5 11. Qxe7 Bxe7 12. Bg5 c6 13. Kf2 Ng4+ 14. fxg4 Bxg5 15. Kf3 Rb8 16. b3 Bf6 17. Re1 Bxc3 18. Re7 Rb7 19. Rxb7 Bxb7 20. Bd3 Re8 21. Rf1 Bd4 22. Rd1 Re3+ 23. Kf4 Bb6 24. a4 h6 25. a5 g5+ 26. Kf5 Bc8+ 0-1

[Event "GER-chT U18 Girls"]
[Site "Germany"]
[Date "2011.05.14"]
[Round "5.1"]
[White "Wang, Yanru"]
[Black "Hillmer, Nicole"]
[Result "1-0"]
[WhiteElo "1180"]
[BlackElo "1204"]
[PlyCount "45"]
[EventDate "2011.05.13"]
[EventType "team-swiss"]
[EventRounds "7"]
[EventCountry "GER"]
[SourceTitle "EXT 2012"]
[Source "ChessBase"]
[SourceDate "2011.11.24"]
[SourceVersion "1"]
[SourceVersionDate "2011.11.24"]
[SourceQuality "1"]
[WhiteTeam "Carolinum Gymn (W)"]
[BlackTeam "Neureut Gymn (W)"]
[WhiteTeamCountry "GER"]
[BlackTeamCountry "GER"]

1. f4 d5 2. Nf3 Nf6 3. b3 Bf5 4. Bb2 e6 5. e3 a6 6. Be2 Be4 7. d3 Bxf3 8. Bxf3 Bc5 9. d4 Be7 10. 0-0 c5 11. Nd2 0-0 12. c4 Nc6 13. Rc1 Rc8 14. cxd5 Nxd5 15. Bxd5 Qxd5 16. e4 Qd8 17. dxc5 Nb4 18. Qg4 g6 19. Nc4 Bxc5+ 20. Kh1 Nc6 21. f5 b5 22. fxg6 fxg6 23. Qxe6+ 1-0